Capitales des pays qui commencent par N - Statistiques

Statistiques générales
  • Ce quiz a été pris 150 fois
  • Le résultat moyen est 6 sur 8
Statistiques - réponses
N Pays Capitale % Correct
Norvége Oslo
98%
Nepal Katmandou
90%
Nouvelle-Zélandé Wellington
89%
Nicaragua Managua
70%
Niger Niamey
67%
Namibie Windhoek
65%
Nigeria Abuja
63%
Nauru Yaren
39%
Aucun quiz correspondant
Distribution des résultats
% des personnes avec chaque résultat
Percentile par nombre de réponses
Votre historique - résultats
Vous n’avez pas pris ce quiz